00707cam a2200205 a 4500008004100000020002500041100002500066245016300091250001200254260004600266300003400312500002000346504004100366650001800407700002200425700002700447003000100474005001700475040000900492  a9781412937467 (pbk.)1 aBrannick, Michael T.10aJob and work analysis :bmethods, research, and applications for human resource management /cMichael T. Brannick, Edward L. Levine and Frederick P. Morgeson. a2nd ed. aLos Angeles :bSAGE Publications,cc2007. axii, 345 p. :bill. ;c23 cm. aIncludes index. aIncludes bibliographical references. 0aJob analysis.1 aLevine, Edward L.1 aMorgeson, Frederick P.20230123125427.0 cNUST